000 00361pab a2200157 454500
008 180718b2011 xxu||||| |||| 00| 0 eng d
100 _aDev, Amiya
245 _aIs globalisation going to devour literature?
260 _c2011
300 _ap.13-14.
362 _a24 Sep
650 _aGlobalization
773 _aMainstream
908 _aN
909 _a93189
999 _c93189
_d93189